MARC details
| 000 -LEADER |
| fixed length control field |
03108cas a2200529 a 4500 |
| 001 - CONTROL NUMBER |
| control field |
11467995 |
| 003 - CONTROL NUMBER IDENTIFIER |
| control field |
OSt |
| 005 - DATE AND TIME OF LATEST TRANSACTION |
| control field |
20110510131421.0 |
| 008 - FIXED-LENGTH DATA ELEMENTS--GENERAL INFORMATION |
| fixed length control field |
790824d18721875enkuu m f0 0eng d |
| 010 ## - LIBRARY OF CONGRESS CONTROL NUMBER |
| LC control number |
96644931 |
| Canceled/invalid LC control number |
sn 88017035 |
| 016 7# - NATIONAL BIBLIOGRAPHIC AGENCY CONTROL NUMBER |
| Record control number |
214816-x |
| Source |
DE-600 |
| 020 ## - INTERNATIONAL STANDARD BOOK NUMBER |
| International Standard Book Number |
0406090181 |
| 035 ## - SYSTEM CONTROL NUMBER |
| System control number |
(OCoLC)ocm05306395 |
| 040 ## - CATALOGING SOURCE |
| Original cataloging agency |
NSbSU |
| Transcribing agency |
NSbSU |
| Modifying agency |
OCoLC |
| -- |
MH |
| -- |
DLC |
| -- |
OCoLC |
| -- |
NLGGC |
| -- |
OCoLC |
| -- |
U9S |
| -- |
DEBBG |
| -- |
RPB |
| 042 ## - AUTHENTICATION CODE |
| Authentication code |
lc |
| 043 ## - GEOGRAPHIC AREA CODE |
| Geographic area code |
e-uk--- |
| 050 00 - LIBRARY OF CONGRESS CALL NUMBER |
| Classification number |
KD275.4 |
| Item number |
.L39 |
| 082 ## - DEWEY DECIMAL CLASSIFICATION NUMBER |
| Edition number |
22 |
| Classification number |
348.041 LAW |
| 245 04 - TITLE STATEMENT |
| Title |
The Law reports Crown Cases Reserved 1865 - 75 Vol. 1 - 2 / |
| Statement of responsibility, etc |
reported by E. Chandos Leigh ... [et al.]. |
| 246 10 - VARYING FORM OF TITLE |
| Title proper/short title |
Cases determined by the Court for Crown Cases Reserved |
| 246 18 - VARYING FORM OF TITLE |
| Title proper/short title |
Law reports. |
| Name of part/section of a work |
Crown cases reserved |
| 260 ## - PUBLICATION, DISTRIBUTION, ETC. (IMPRINT) |
| Place of publication, distribution, etc |
London : |
| Name of publisher, distributor, etc |
Printed for the Incorporated Council of Law Reporting for England and Wales by William Clowes and Sons, |
| Date of publication, distribution, etc |
1973 |
| 300 ## - PHYSICAL DESCRIPTION |
| Extent |
2 v. ; |
| Dimensions |
25 cm. |
| 362 0# - DATES OF PUBLICATION AND/OR SEQUENTIAL DESIGNATION |
| Dates of publication and/or sequential designation |
Vol. 1 (From Michaelmas term, 1865, to Trinity term, 1872, both inclusive)-v. 2 (From Michaelmas term, 1872, to Trinity term, 1875, both inclusive). |
| 500 ## - GENERAL NOTE |
| General note |
Edited by: James Redfoord Bulwer. |
| 500 ## - GENERAL NOTE |
| General note |
Reporter: v. 1, E. Chandos Leigh; v. 2, Arthur Wilson. |
| 515 ## - NUMBERING PECULIARITIES NOTE |
| Numbering peculiarities note |
Vol. 1 also designated as 29-35 Victoria; v. 2 also designated as 36-38 Victoria. |
| 580 ## - LINKING ENTRY COMPLEXITY NOTE |
| Linking entry complexity note |
Merged with: Law reports. Privy Council appeals; and: Law reports. English and Irish appeal cases and claims of peerage before the House of Lords; and: Law reports. Scotch and divorce appeal cases before the House of Lords; to form: Law reports. Appeal cases before the House of Lords, (English, Irish, and Scotch) and the Judicial Committee of Her Majesty's Most Honourable Privy Council. |
| 650 #0 - SUBJECT ADDED ENTRY--TOPICAL TERM |
| Topical term or geographic name as entry element |
Law reports, digests, etc. |
| Geographic subdivision |
Great Britain. |
| 9 (RLIN) |
3841 |
| 650 #0 - SUBJECT ADDED ENTRY--TOPICAL TERM |
| Topical term or geographic name as entry element |
Criminal law |
| Geographic subdivision |
Great Britain |
| Form subdivision |
Cases. |
| 9 (RLIN) |
3842 |
| 650 17 - SUBJECT ADDED ENTRY--TOPICAL TERM |
| Topical term or geographic name as entry element |
Common law. |
| Source of heading or term |
gtt |
| 9 (RLIN) |
3807 |
| 650 #6 - SUBJECT ADDED ENTRY--TOPICAL TERM |
| Topical term or geographic name as entry element |
Droit |
| Geographic subdivision |
Grande-Bretagne |
| General subdivision |
Jurisprudence. |
| 9 (RLIN) |
3843 |
| 700 1# - ADDED ENTRY--PERSONAL NAME |
| Personal name |
Leigh, E. Chandos. |
| 9 (RLIN) |
3844 |
| 700 1# - ADDED ENTRY--PERSONAL NAME |
| Personal name |
Wilson, Arthur, |
| Dates associated with a name |
b. 1837. |
| 9 (RLIN) |
3845 |
| 700 1# - ADDED ENTRY--PERSONAL NAME |
| Personal name |
Bulwer, James Redfoord. |
| 9 (RLIN) |
3472 |
| 710 1# - ADDED ENTRY--CORPORATE NAME |
| Corporate name or jurisdiction name as entry element |
Great Britain. |
| Subordinate unit |
Court for Crown Cases Reserved. |
| 9 (RLIN) |
3846 |
| 710 2# - ADDED ENTRY--CORPORATE NAME |
| Corporate name or jurisdiction name as entry element |
Incorporated Council of Law Reporting for England and Wales. |
| 9 (RLIN) |
2564 |
| 776 08 - ADDITIONAL PHYSICAL FORM ENTRY |
| Display text |
Online version: |
| Title |
Law reports. Cases determined by the Court for Crown Cases Reserved |
| Record control number |
(OCoLC)655045271 |
| 785 17 - SUCCEEDING ENTRY |
| Title |
Law reports. Privy Council appeals |
| Record control number |
(DLC) 29005168 |
| -- |
(OCoLC)2783077 |
| 785 17 - SUCCEEDING ENTRY |
| Title |
Law reports. English and Irish appeal cases and claims of peerage before the House of Lords |
| Record control number |
(DLC) 96644917 |
| -- |
(OCoLC)2785299 |
| 785 17 - SUCCEEDING ENTRY |
| Title |
Law reports. Scotch and divorce appeal cases before the House of Lords |
| Record control number |
(DLC)sn 87019876 |
| -- |
(OCoLC)2785327 |
| 785 17 - SUCCEEDING ENTRY |
| Title |
Law reports. Appeal cases before the House of Lords (English, Irish, and Scotch) and the Judicial Committee of Her Majesty's Most Honourable Privy Council |
| Record control number |
(DLC) 96644919 |
| -- |
(OCoLC)2787388 |
| 906 ## - LOCAL DATA ELEMENT F, LDF (RLIN) |
| a |
7 |
| b |
cbc |
| c |
serials |
| d |
u |
| e |
ncip |
| f |
19 |
| g |
n-oclcserc |
| 942 ## - ADDED ENTRY ELEMENTS (KOHA) |
| Source of classification or shelving scheme |
Dewey Decimal Classification |
| Koha item type |
Books |